Cidades e Pistas 2° EIA - Statistics

Estatísticas Gerais
  • Esse quiz foi jogado 337 vezes
    334 desde o último reset
  • A pontuação média é 24 de 37
Respostas no mapa
Respostas codificadas por cores de uma escala verde-vermelha no mapa do quiz de acordo com a % correta abaixo.
 
Estatísticas das Respostas
Resposta % Correto
Tambaú
86%
Tambaú (pista)
86%
Mococa
79%
Mococa (pista)
79%
Santa Rita do Passa Quatro
79%
Santa Rita do Passa Quatro (pista)
79%
Santa Rosa do Viterbo
79%
Casa Branca
77%
Casa Branca (pista)
77%
Mogi Guaçu
74%
Santa Cruz das Palmeiras
72%
Araras
70%
Araras (pista)
70%
Leme
70%
Leme (pista)
70%
Porto Ferreira
67%
São João da Boa Vista
67%
São João da Boa Vista (pista)
67%
Conchal
65%
São José do Rio Pardo
65%
AFA
60%
São José do Rio Pardo (pista)
60%
Abengoa
58%
Aguaí
58%
Caiapó
58%
Laranjal
56%
Vargem Grande do Sul
56%
Vargem Grande do Sul (pista)
56%
Fazenda Amália
53%
Pirassununga
53%
Usina Cresciumal
51%
Fazenda Monte Cristo
49%
Jacuba
47%
Chifre
44%
Fazenda do Retiro
42%
Fazenda Nossa Senhora Aparecida do Alto da Serra
42%
Fazenda Boa Vista Rocheto
33%
Nenhum quiz correspondente encontrado
Distribuição das Pontuações
Porcentagem de Pessoas com Cada Pontuação
Percentil de Números Respondidos
Sua Pontuação Histórica
Você não jogou esse quiz desde o último reset